| 000 | 00682nam a22002177a 4500 | ||
|---|---|---|---|
| 999 |
_c10367 _d10367 |
||
| 003 | AR-CdUCM | ||
| 008 | 190401b ||||| |||| 00| 0 spa d | ||
| 040 |
_aMUNICIPALIDAD PROVINCIAL DEL CUSCO _cBIBLIOTECA MUNICIPAL DEL CUSCO |
||
| 082 |
_23ed. _aES / 800 / _bD73 |
||
| 100 |
_aDickens, Carlos _927171 |
||
| 245 | _aLa Tienda de Anticuario / | ||
| 260 |
_aBarcelona : _bAraluce ; _c1959. |
||
| 300 |
_a155 páginas ; _c15cm |
||
| 440 |
_aColección Araluce _n60 _927172 |
||
| 505 | _aContenido: Novela | ||
| 650 |
_aNovela _9572 |
||
| 650 |
_aLiteratura juvenil _91580 |
||
| 700 |
_aBaeza, José (adaptación para la juventud) _927173 |
||
| 942 |
_2ddc _cLIBROS |
||
| 945 | _anom | ||